00709nam a2200157Ia 4500999001700000041001200017082001200029100004000041245018400081260006600265300000900331650003900340650001900379942001200398952014100410 c27031d27031 aEnglish aRH.0063 aHole, ManojuCollege of Social Work 2aA status of female beedi workers in Vidarbha region of Maharashtra state with special reference to their socio-economic, health and education :ban analytical study / cManoj Hole aNew Delhi :bIndian Council of Social Science Research,c2017 a156p aBeedi workerszIndiazMaharashtra  aSocio-economic 2ddccBK 00102ddc40718IRPaNASSDOCbNASSDOCd2021-11-16eGifted by: RP Division ICSSRl0oRH.0063p51663r2021-12-14 00:00:00w2021-12-14yRP